Normal view
MARC view
Entry Personal Name
001 - CONTROL NUMBER
- control field: 13503
003 - CONTROL NUMBER IDENTIFIER
- control field: BD-RjUL
005 - DATE AND TIME OF LATEST TRANSACTION
- control field: 20240915113653.0
008 - FIXED-LENGTH DATA ELEMENTS
- fixed length control field: 240915|| aca||aabn | a|a d
040 ## - CATALOGING SOURCE
- Original cataloging agency: BD-RjUL
- Transcribing agency: BD-RjUL
100 ## - HEADING--PERSONAL NAME
- Personal name: Choudhuri, Subir Ray
670 ## - SOURCE DATA FOUND
- Source citation: Work cat.: (BD-RjUL)18227: Madge, Elliot Walter. 56107, Henry Derozio, the Eurasian poet and reformer /, 1982.